000 00301nam a2200109 a 4500
005 20200930030338.0
008 110324s2001 000 spa d
020 _a9993424056
245 0 _aPreparación y ejecución de talleres de capacitación :.
260 _aSanto Domingo,
_c2001.
999 _c26163
_d26163
040 _aDO-SdBNP